000 00833nam a2200277Ia 4500
003 OSt
005 20221007112814.0
006 a|||||r|||| 00| 0
007 ta
008 221006b |||||||| |||| 00| 0 eng d
024 _a29,416
037 _cTextual
040 _aLCO
_cLCO
_beng
041 _2eng
_aeng
082 _aZ2,267, Q1
100 _aBryer Lanning G
_9708820
245 0 _aIntellectual Property Operations and Implementation in the 21st Century Corporation
250 _a1st
260 _aNew
_bJersey Johan Wiley & Sons U.S.A
_c2011
300 _a316
650 _aINTELLECTUAL PROPERTY
_9583124
700 _a Asbell Matthew D
_9708821
700 _a Lebson Scott J
_9708822
942 _hZ2,267, Q1
_cTEXL
999 _c1198979
_d1198979